Professional Cycling: Nationality of Riders - Statistics

General Stats
  • This quiz has been taken 1,197 times
  • The average score is 13 of 15
Answer Stats
Rider Country % Correct
Thibaut Pinot France
99%
Alberto Contador Spain
97%
Ji Cheng China
95%
Andre Greipel Germany
95%
Tom Dumoulin Holland
95%
Peter Sagan Slovakia
95%
Tom Boonen Belgium
94%
Rohan Dennis Australia
91%
Fabio Aru Italy
91%
Edvald Boasson Hagen Norway
89%
Fabian Cancellara Switzerland
89%
Lawson Craddock USA
83%
Nicholas Roche Ireland
82%
Zdeněk Štybar Czech Republic
77%
Darwin Atapuma Colombia
76%
No matching quizzes found
Score Distribution
Percent of People with Each Score
Percentile by Number Answered
Your Score History
You have not taken this quiz